Finally, advice on how to achieve sustainable buildings (Record no. 78749)

MARC details
000 -LEADER
fixed length control field 01072cad a22002055a 4500
001 - CONTROL NUMBER
control field L137948
008 - FIXED-LENGTH DATA ELEMENTS--GENERAL INFORMATION
fixed length control field 070509e20070427xxk f 000 0 eng d
035 ## - SYSTEM CONTROL NUMBER
System control number (Sirsi) u137948
041 0# - LANGUAGE CODE
Language code of text/sound track or separate title eng
110 2# - MAIN ENTRY--CORPORATE NAME
Corporate name or jurisdiction name as entry element Chartered Institution of Building Services Engineers
9 (RLIN) 2360
245 00 - TITLE STATEMENT
Title Finally, advice on how to achieve sustainable buildings
260 ## - PUBLICATION, DISTRIBUTION, ETC.
Date of publication, distribution, etc. 2007
490 #0 - SERIES STATEMENT
Series statement CIBSE Press Release
Volume/sequential designation 24 April 2007
520 ## - SUMMARY, ETC.
Summary, etc. CIBSE has produced three new items to help professionals achieve a more sustainable built environment: an introductory guide to sustainability which will be freely available; a full guide setting out fundamental principles, sustainable techniques and technologies; and a searchable online database of good practice guidance. The sustainability items will be available from mid June 2007.
590 ## - LOCAL NOTE (RLIN)
Local note KA
651 #4 - SUBJECT ADDED ENTRY--GEOGRAPHIC NAME
Geographic name United Kingdom
Chronological subdivision
690 ## - LOCAL SUBJECT ADDED ENTRY--TOPICAL TERM (OCLC, RLIN)
Topical term or geographic name as entry element BUILT ENVIRONMENT-SUSTAINABLE CONSTRUCTION
856 40 - ELECTRONIC LOCATION AND ACCESS
Uniform Resource Identifier <a href="https://www.cibse.org/index.cfm?action=showpage&pageID=702&TopSecID=16">https://www.cibse.org/index.cfm?action=showpage&pageID=702&TopSecID=16</a>
Public note View the item free of charge at www.cibse.org...
942 ## - ADDED ENTRY ELEMENTS (KOHA)
Suppress in OPAC 0
Holdings
Withdrawn status Lost status Source of classification or shelving scheme Damaged status Not for loan Home library Current library Shelving location Date acquired Total Checkouts Full call number Barcode Date last seen Copy number Price effective from Koha item type
    Dewey Decimal Classification     Virtual Virtual Online 09/05/2007   ONLINE PUBLICATION 137948-2001 06/08/2019 1 06/08/2019 Journal article